000 00273nam a22001097a 4500
082 _a962 AKR'M
100 _aAKRAM, A. J. LIEUTENANT
_976512
245 _aTHE MUSLIM CONQUEST OF EGYPT AND NORTH AFRICA
260 _aLAHORE
_bFEROZ SONS
_c1977
300 _a310P
942 _cBK
999 _c581896
_d581896